000 00930nam a2200289 i 4500
003 DO-SdBNP
005 20250526144942.0
007 ta
008 250526b2024 dr ||||| |||| 00| 0 spa d
020 _a9789945649338
040 _aDO-SdBNP
_bspa
_cBNPHU
_erda
041 _aspa
082 4 _axxx
_bV145m
_222
100 1 _aValdez, Esterlín José
_eautor
_4aut.
_987698
245 1 3 _aMe cayó la gloria /
_cEsterlín José Valdez ; edición, corrección y maquetación, Moisés Moscote.
250 _aPrimera edición
264 4 _aSanto Domingo :
_b[editor no identificado],
_c©2021.
300 _a93 páginas ;
_c22 cm.
336 _atexto
_btxt
_2rdacontent
337 _asin mediación
_bn
_2rdamedia
338 _avolumen
_bnc
_2rdacarrier
500 _aRecibiendo el poder, Hechos 1 : 8
590 _aInventariado, 2025 /LP
700 1 _aMoscote, Moisés
_eautor
_4ed.
_987877
910 _aLP
942 _2ddc
_cLBS1
999 _c58957
_d58957